|
|
|
|
| LEADER |
00000naa2a2200000 4500 |
| 001 |
671974 |
| 005 |
20240405110924.0 |
| 090 |
|
|
|a 671974
|
| 100 |
|
|
|a 20240403d2023 k||y0rusy50 ca
|
| 101 |
0 |
|
|a rus
|
| 102 |
|
|
|a RU
|
| 135 |
|
|
|a drcn ---uucaa
|
| 200 |
1 |
|
|a Концепция инженерного образования, основанная на искусственном интеллекте (на примере атомной отрасли)
|f Л. М. Болсуновская, М. К. Кублинский
|g Национальный исследовательский Томский политехнический университет
|
| 225 |
|
|
|a Традиции и инновации в методике обучения иностранным языкам
|
| 320 |
|
|
|a Литература: с. 121
|
| 330 |
|
|
|a Искусственный интеллект будет играть важную роль в решении задач, связанных с четвёртой промышленной революцией. В связи с этим, цель данной статьи – рассмотреть возможности использования искусственного интеллекта в инженерном образовании для повышения эффективности учебного процесса с учетом запросов целевых стейкхолдеров и этические вопросы его применения
|
| 336 |
|
|
|a Текстовый файл
|
| 463 |
|
|
|0 670681
|t Язык. Общество. Образование
|o сборник научных трудов IV Международной научно-практической конференции «Лингвистические и культурологические аспекты современного инженерного образования» памяти кандидата педагогических наук, доцента Н.А. Качалова, Томск, 15-17 ноября 2023 г.
|v С. 115-121
|d 2023
|9 670681
|a Кобенко, Ю. В. (лингвист ; 1977-)
|c Томск
|n Изд-во ТПУ
|p 1 файл (6,11 Мб, 273 с.)
|u conference_tpu-2023-C85_V2.pdf
|
| 610 |
1 |
|
|a электронный ресурс
|
| 610 |
1 |
|
|a труды учёных ТПУ
|
| 610 |
1 |
|
|a искусственный интеллект
|
| 610 |
1 |
|
|a машинное обучение
|
| 610 |
1 |
|
|a инженерное образование
|
| 610 |
1 |
|
|a метод проектов
|
| 610 |
1 |
|
|a иностранный язык
|
| 610 |
1 |
|
|a оптимальные решения
|
| 610 |
1 |
|
|a вопросы этики
|
| 700 |
|
1 |
|a Болсуновская
|b Л. М.
|c лингвист
|c доцент Томского политехнического университета, кандидат филологических наук
|f 1966-
|g Людмила Михайловна
|9 12449
|
| 701 |
|
1 |
|a Кублинский
|b М. К.
|c специалист в области ядерных технологий
|c инженер Томского политехнического университета
|f 1999-
|g Максим Константинович
|9 22983
|
| 712 |
0 |
2 |
|a Национальный исследовательский Томский политехнический университет
|c (2009- )
|9 26305
|
| 801 |
|
2 |
|a RU
|b 63413507
|c 20240403
|g RCR
|
| 856 |
4 |
|
|u http://earchive.tpu.ru/handle/11683/77922
|z http://earchive.tpu.ru/handle/11683/77922
|
| 942 |
|
|
|c CF
|